000
00333nam a22001577a 4500
003
SGT
020
_a
978-93-80704-85-2
082
_a
617.3
_b
P11K
100
_a
KAKKAD, SUBHASH
245
_a
PRACTICAL ORTHOPEDIC
250
_a
2ND
260
_a
INDIA
_b
JAYPEE
_c
2011
300
_a
365
650
_a
ORTHOPEDIC
942
_2
ddc
_c
BK
999
_c
10904
_d
10904